000 01824cam a2200145 4500500
005 20260322000828.0
041 _afre
042 _adc
100 1 0 _aZufferey, Sandrine
_eauthor
700 1 0 _aMoeschler, Jacques
_eauthor
245 0 0 _aInitiation à l'étude du sens : Sémantique et pragmatique
260 _bÉditions Sciences Humaines,
_c2025.
520 _aL'étude du sens, dans ses dimensions sémantiques et pragmatiques, fait partie du cursus de base en sciences du langage, en philosophie et en psychologie. Plus généralement, elle concerne celles et ceux qui s'intéressent au langage et à son utilisation dans la communication. Avec l'essor des sciences cognitives, la sémantique et la pragmatique ont connu des évolutions récentes considérables. Cette deuxième édition propose une introduction daire et complète à ces domaines classiques et offre l'essentiel des connaissances en la matière. De plus, au fil des chapitres, il retrace leur progression afin d'inclure les concepts les plus récents (sémantique cognitive, pragmatique interculturelle, etc.). Par ailleurs, cet ouvrage met en regard sémantique et pragmatique. Un tel rapprochement permet de fournir une vision globale et cohérente du sens linguistique, en montrant également quels sont les points de frontière entre ces disciplines. Conçu en quatorze chapitres qui se terminent par des questions de révision permettant de vérifier ses connaissances, l'ouvrage se veut un outil pédagogique et clair pour celles et ceux— étudiantes, enseignantes, praticiennes en langue et linguistique, philosophie, psychologie, communication, sociologie—qui veulent se familiariser avec ces différents concepts.
856 4 1 _uhttps://shs.cairn.info/initiation-a-l-etude-du-sens--9782361069100?lang=fr&redirect-ssocas=7080
999 _c1709716
_d1709716